| 000 | 02479nam0a2200397 i 4500 | ||
|---|---|---|---|
| 001 | RU\NLR\BIBL_A\012440120 | ||
| 005 | 20260406071811.0 | ||
| 010 |
_a9785907334076 _91500 |
||
| 021 |
_aRU _b2020-55441 _9КН-П-4208 |
||
| 035 | _a(RuMoRGB)010426268 | ||
| 035 | _a(NLR Aleph) 012440120 | ||
| 090 |
_a11921214 _c11921214 |
||
| 100 | _a20210125d2020 u y0rusy50 ca | ||
| 101 | 0 | _arus | |
| 102 | _aRU | ||
| 105 | _aach|z|||000zy | ||
| 181 | 0 |
_ai _baxxe |
|
| 182 | 0 | _an | |
| 200 | 1 |
_aШтрихи Победы _eколлекция фронтовых рисунков Анатолия Яр-Кравченко "Лётчики. Борьба за Ленинград. 1941-1944 гг." _e[альбом _fавтор концепции: Анастасия Петрова _gавторы текстов: Елена Бардукова и др. _gвступительное слово: Геннадий Сандырев] |
|
| 203 |
_aТекст _bвизуальный _cнепосредственный |
||
| 210 |
_aПермь _cДудкин В.А. _d2020 |
||
| 215 |
_a127 с. _cил., цв. ил., портр., факс. _d34 |
||
| 300 | _aНа корешке подзаг.: Лётчики. Борьба за Ленинград. 1941-1944 гг. | ||
| 604 |
_1700#1$aЯр-Кравченко$bА. Н.$gАнатолий Никифорович$f1911 - 1983 _1500##$a"Лётчики. Борьба за Ленинград. 1941 - 1944 гг."$jАльбомы$2nlr_sh2$3RU\NLR\AUTH\6601682605 _3RU\NLR\AUTH\6601682605 _aЯр-Кравченко, Анатолий Никифорович (1911 - 1983) _t"Лётчики. Борьба за Ленинград. 1941 - 1944 гг." _jАльбомы _92466854 |
||
| 606 | 1 |
_aВоенные летчики советские _jАльбомы _z1941 - 1945 _92558734 _3RU\NLR\AUTH\661513691 |
|
| 606 |
_aЛенинградская битва _jАльбомы _xГерои и героизм _z1941 - 1944 _92576391 _3RU\NLR\AUTH\661523293 |
||
| 686 | 1 | _aЩ153(2Р=Рус)7-8Яр-Кравченко я61 | |
| 686 | 1 | _aЦ35(2)722-65-243д.я61 | |
| 700 | 1 |
_8rus _7ca _aЯр-Кравченко _bА. Н. _f1911-1983 _gАнатолий Никифорович _3RU\NLR\AUTH\7716817 _9126451 |
|
| 702 | 1 |
_4570 _7ca _8rus _aПетрова _bА. _cжурналист _f1983-2020 _gАнастасия _9226561 _3RU\NLR\AUTH\770226617 |
|
| 942 | _cBOOK | ||
| 980 | _aNBR | ||